Watchmen (2009): Members of the Minutemen by Picture - Statistics

General Stats
  • This quiz has been taken 16 times
  • The average score is 5 of 8
Answer Stats
Picture Answer % Correct
The Comedian
92%
Silk Spectre I
85%
Hooded Justice
69%
Nite Owl I
62%
Dollar Bill
46%
Mothman
46%
The Silhouette
46%
Captain Metropolis
38%
No matching quizzes found
Score Distribution
Percent of People with Each Score
Percentile by Number Answered
Your Score History
You have not taken this quiz